BIBLIOTECA

SENCICO

Problemas de métodos topográficos : (Registro nro. 531)

Detalles MARC
000 -LEADER
fixed length control field 01299nam a2200289Ia 4500
003 - CONTROL NUMBER IDENTIFIER
control field PE SENCICO BE
005 - DATE AND TIME OF LATEST TRANSACTION
control field 20251020182440.0
008 - FIXED-LENGTH DATA ELEMENTS--GENERAL INFORMATION
fixed length control field 200515s9999 xx 000 0 und d
020 ## - INTERNATIONAL STANDARD BOOK NUMBER
International Standard Book Number 84-95279-36-3
040 ## - CATALOGING SOURCE
Original cataloging agency PE SENCICO BE
Transcribing agency PE SENCICO BE
041 ## - LANGUAGE CODE
Language code of text/sound track or separate title spa
082 ## - DEWEY DECIMAL CLASSIFICATION NUMBER
Classification number 526.9
Item number S21
100 1# - MAIN ENTRY--PERSONAL NAME
Personal name Sánchez Ríos, Alonso
9 (RLIN) 3301
Relator term autor
245 10 - TITLE STATEMENT
Title Problemas de métodos topográficos :
Remainder of title planteados y resueltos /
Statement of responsibility, etc. Alonso Sánchez Ríos
250 ## - EDITION STATEMENT
Edition statement 1a ed.
260 ## - PUBLICATION, DISTRIBUTION, ETC.
Place of publication, distribution, etc. Madrid :
Name of publisher, distributor, etc. Bellisco Ediciones Técnicas y Científicas,
Date of publication, distribution, etc. 2000
300 ## - PHYSICAL DESCRIPTION
Extent 279 páginas :
Other physical details ilustraciones, tablas, gráficos ;
Dimensions 24 cm.
490 ## - SERIES STATEMENT
Series statement Biblioteca técnica universitaria.
-- Geodesia y topografía ;
Volume/sequential designation 4
504 ## - BIBLIOGRAPHY, ETC. NOTE
Bibliography, etc. note Bibliografía: p. 275-279.
505 0# - FORMATTED CONTENTS NOTE
Formatted contents note Cálculo de coordenadas -- Agrimensura -- Radiación -- Itinerarios -- Densificación de redes -- Triangulación - Trilateración -- Nivelación
520 3# - SUMMARY, ETC.
Summary, etc. Describe todo tipo de problemas topográficos que van desde los sencillos trabajo de cálculo de coordenadas y agrimensura hasta el cálculo de puntos fundamentales utilizando las técnicas de los mínimos cuadrados
650 10 - SUBJECT ADDED ENTRY--TOPICAL TERM
Topical term or geographic name entry element Topografía
9 (RLIN) 4
650 20 - SUBJECT ADDED ENTRY--TOPICAL TERM
Topical term or geographic name entry element Geodesia
9 (RLIN) 2
650 20 - SUBJECT ADDED ENTRY--TOPICAL TERM
Topical term or geographic name entry element Métodos topográficos
9 (RLIN) 1235
650 20 - SUBJECT ADDED ENTRY--TOPICAL TERM
Topical term or geographic name entry element Planimetría
9 (RLIN) 1232
942 ## - ADDED ENTRY ELEMENTS (KOHA)
Koha item type Libros
Source of classification or shelving scheme Dewey Decimal Classification
Existencias
Fecha de la última vez que lo usaron Número de ingreso o de inventario Pago total Signatura topográfica completa Código de barras Precio efectivo desde Tipo de documento Estado perdido Sistema de clasificación Estado dañado No es para préstamo Retirado Ubicación permanente Ubicación actual Fecha de adquisición
15/05/2020 14650   526.9/S21P BibLima25100018 15/05/2020 Libros   Dewey Decimal Classification       Biblioteca Central Lima Biblioteca Central Lima 15/05/2020